Climate systems modeling
Αποθηκεύτηκε σε:
| Άλλοι συγγραφείς: | |
|---|---|
| Μορφή: | Βιβλίο |
| Γλώσσα: | English |
| Δημοσίευση: |
Cambridge :
Cambridge University Press,
c1995
|
| Θέματα: | |
| Ετικέτες: |
Προσθήκη ετικέτας
Δεν υπάρχουν, Καταχωρήστε ετικέτα πρώτοι!
|
MARC
| LEADER | 00000nam a2200000 i 4500 | ||
|---|---|---|---|
| 001 | 1/69378 | ||
| 008 | 981102s1995 eng d | ||
| 020 | |a 0-521-43231-6 | ||
| 035 | |l 10030365 | ||
| 040 | |a GR-MY-UA |b gre |e aacr | ||
| 041 | 0 | |a eng | |
| 082 | 0 | |a 551.6015118 | |
| 245 | 1 | 0 | |a Climate systems modeling / |c edited by Kevin E. Trenberth |
| 260 | |a Cambridge : |b Cambridge University Press, |c c1995 | ||
| 300 | |a 788 p. |b fig. | ||
| 504 | |a Includes bibliographical references and index | ||
| 650 | 0 | 0 | |a Climatology |x Mathematical models. |
| 650 | 0 | 0 | |a Atmospheric physics |x Mathematical models. |
| 650 | 0 | 0 | |a Ocean-atmosphere interaction |x Mathematical models. |
| 700 | 1 | |a Trenberth, Kevin E. |4 edt | |
| 852 | |a INST |b LESVOS |e 19981102 |h 551.6015118 CLI |p 005100012844 |q 005100012844 |t BK |y 0 | ||
| 901 | |a BIBL-1998-3 | ||
| 909 | |a Λ |b 059786 | ||
| 922 | |a 1ΕΛΗ |b 199809 |c ΚΠΣ/ΤΠ |d ΠΑΠΑΣΩΤΗΡΙΟΥ | ||
| 950 | |a 118-1998-07-21 | ||